00478 2200169 4500245006300000020002200063250001100085100002600096700001800122650003400140005001900174260005900193041001400252084001000266300002300276336000900299 aKamus Usaha Perjalanan WisatacGita Mahardika PamujihText a978-602-437-920-9 aCet. 1 aGita Mahardika Pamuji aDewi Khairiah aKamus Usaha Perjalanan Wisata a20230411111513 aJakartabBadan Pengembangan Bahasa dan Perbukuanc2019 aIndonesia a413.1 a163 hlm. :c22 cm. atext